Statistics for Lonely Heart - 5 Seconds of Summer (All Lyrics)

Click here to take the quiz!

General Stats

  • This quiz has been taken 222 times
  • The average score is 221 of 247

Answer Stats

Lonely Heart% Correct
I
99%
BridgeLonely
99%
lonely
99%
a
98%
Heart
98%
heart
98%
you?
98%
you
98%
such
97%
ChorusSuch
97%
to
95%
Verse 1 | Verse 2Your
95%
find
94%
have
94%
me
94%
on
94%
in
93%
my
93%
you're
93%
You're
93%
Can
92%
If
92%
So
92%
so
92%
of
91%
the
91%
always
90%
another
90%
hard
90%
I'll
90%
it
90%
can't
89%
stay
89%
with
89%
chance?
88%
We
88%
dance
87%
dance?
87%
just
87%
reason
87%
away
86%
follow
84%
second
84%
kind
83%
know
83%
life
83%
mine
83%
nothin'
83%
Nothin'
83%
nothin
83%
Then
83%
When
83%
house
82%
new
82%
time
82%
type
82%
up
82%
break
81%
burnin'
81%
end
81%
leave
81%
mind
81%
mornin'
81%
Our
81%
wake
81%
we're
81%
watch
80%
ain't
79%
Down
79%
fire
79%
hurtin'
79%
i'm
79%
until
79%
and
78%
knees
78%
gonna
76%
haze
76%
inside
76%
miles
76%
promise
75%
thousand
75%
precious
74%
Native
73%
start
73%
close
71%
days
71%
eyes
71%
haven't
70%
walk
70%
slept
69%
while
69%
three
68%
two
68%
IntroOne
67%

Score Distribution

Percentile by Number Answered

Percent of People with Each Score

Your Score History

You have not taken this quiz